00355nam a2200133Ia 4500003000400000008004100004040001600045082001500061100002200076245005500098260004100153300000900194650001800203GCL140319s9999 xx 000 0 eng d aGCL / cGCL04a790.2bW P1 aWATT, STEPH JAMES10aPERFORMANCE ART INTO THE GOS / cWATT, STEPH JAMES a[S.N] : bACADEMY EDITIONS ، c1994 a93 P04aFURNITURE ART